=LDR 00000nam 2200000 4500 =001 INLIS000000000024134 =005 20130612122735 =008 ***********************************Ind** =035 ##$$0010-061300000024134 =041 ##$$a Ind =082 ##$$a 510.07 =090 ##$$a 510.07, Suk m =100 ##$$a Sukino =245 ##$$a Matematika kurikulum 1994 untuk kelas II Caturwulan 2 SLTP, Sukino =260 ##$$a 1997 $b Solo =300 ##$$a 129 hlm, ilus, 32 cm =650 ##$$a Matematika =850 ##$$a NBPNMAT =990 ##$$a 0001/BPAP-NTB/2015